Ecologie des algues marines

Zapisane w:
Opis bibliograficzny
Format: Książka
Język:francuski
Wydane: París Centre National de la Recherche Scientifique 1959
Seria:Colloques internationaux du Centre National de la Recherche Scientifique, 81
Hasła przedmiotowe:
Etykiety: Dodaj etykietę
Nie ma etykietki, Dołącz pierwszą etykiete!

MARC

LEADER 00000nam a2200000 a 4500
001 UCV5441
003 CL-VaPUC
005 20230629103734.0
008 930624e19590000fr 1 fre d
082 0 4 |a 589.35  |b ECO  |2 21 
245 1 0 |a Ecologie des algues marines 
260 |a París  |b Centre National de la Recherche Scientifique  |c 1959 
300 |a 276 p 
490 0 |a Colloques internationaux du Centre National de la Recherche Scientifique, 81 
583 |a last modification  |c 20190820 06:06:15  |k Rodrigo Vera 
650 0 0 |a Algas marinas  |9 261775 
650 0 0 |a Ecología   |9 258124 
650 0 0 |a Congresos  |9 257560 
942 |c BK 
945 |d 19930624 00:00:00 
546 |a En Francés 
518 |p Colloque sur l'Ecologie des Algues Marines, Dinard, 3 al 8 de junio de 1957 
999 |c 381999  |d 381997 
952 |0 0  |1 0  |2 ddc  |4 0  |6 589_350000000000000_ECO_1959  |7 0  |8 CCM  |9 503429  |a BIBCUR  |b BIBCUR  |c PAC  |d 2020-01-23  |i 2595958  |o 589.35 ECO 1959  |p 2595958  |r 2025-04-22  |w 2020-01-23  |y BK  |k CIM